Rostro y retorno

Na minha lista:
Detalhes bibliográficos
Autor principal: Troncoso, Eric
Formato: Livro
Idioma:Undetermined
Publicado em: Santiago, Chile [s.n.] 1966
Assuntos:
Tags: Adicionar Tag
Sem tags, seja o primeiro a adicionar uma tag!

MARC

LEADER 00000nam a2200000Ia 4500
008 170316s9999 xx 000 0 und d
040 |a cru BVZT 
090 |a 860 T-8r 
100 |a Troncoso, Eric 
245 |a Rostro y retorno 
260 |a Santiago, Chile  |b [s.n.]  |c 1966 
300 |a 95 páginas 
650 |a LITERATURA LATINOAMERICANA 
999 |c 9284  |d 9284 
942 |c 15 D  |h 860 T-8r  |2 z